| 000 | 00655nam a2200193Ii 4500 | ||
|---|---|---|---|
| 003 | JO-AjNU | ||
| 008 | 230605s9999||||xx |||||||||||||| ||und|| | ||
| 040 |
_aJO-AjNU _bara _erda _cJO-AjNU |
||
| 041 | _aara | ||
| 050 | 1 | 4 | _aBF698.B848.1983 |
| 100 | 3 |
_aعبد الخالق،أحمد واخرون/تحرير, _eauthor _98497 |
|
| 245 | 0 | 0 | _aبحوث في السلوك والشخصية، مج1 |
| 264 | 3 | 1 | _aالقاهرة:دار المعارف ،1981 |
| 300 | _aمج1، 225ص | ||
| 336 |
_atext _btxt _2rdacontent |
||
| 337 |
_aunmediated _bn _2rdamedia |
||
| 338 |
_avolume _bnc _2rdacarrier |
||
| 650 | 4 |
_aالسلوك-الشخصية-علم النفس _98498 |
|
| 999 |
_aA819 _c4387 _d4387 |
||